| 000 | 00545nam a2200181 a 4500 | ||
|---|---|---|---|
| 001 | 000032308 | ||
| 005 | 20200930065556.0 | ||
| 008 | 110714s1968 dr abc 000 0 spa d | ||
| 040 |
_aDO-SdBNP _bspa _cBNPHU |
||
| 082 |
_axxxx _bM766b, 1968 |
||
| 100 | 1 |
_aMontas, Argentinas _958330 |
|
| 245 | 1 | 0 |
_aBosquejo de la historia de américa / _cArgentinas Montas. |
| 250 | _a3a ed. | ||
| 260 |
_aSanto Domingo : _bEditora del Caribe, _c1968. |
||
| 300 |
_a288 p. : _bil., mapas, retrs. ; _c22 cm. |
||
| 504 | _aBibliografĂa : p. 288. | ||
| 049 | _aBNPD | ||
| 999 |
_c31799 _d31799 |
||